New power generation (Record no. 84997)

MARC details
000 -LEADER
fixed length control field 01161cad a22003615a 4500
001 - CONTROL NUMBER
control field L159831
008 - FIXED-LENGTH DATA ELEMENTS--GENERAL INFORMATION
fixed length control field 150226s2018 xxk f 000 0 eng d
035 ## - SYSTEM CONTROL NUMBER
System control number (Sirsi) u159831
041 0# - LANGUAGE CODE
Language code of text/sound track or separate title eng
100 1# - MAIN ENTRY--PERSONAL NAME
Personal name Cox, Hugo
245 00 - TITLE STATEMENT
Title New power generation
Medium [electronic resource]
260 ## - PUBLICATION, DISTRIBUTION, ETC.
Date of publication, distribution, etc. 2018
490 ## - SERIES STATEMENT
Series statement Modus
Volume/sequential designation March 2018, 12-23 (11)
505 ## - FORMATTED CONTENTS NOTE
Formatted contents note Past its peak -- Blowing up a storm -- Easy cell -- Core in the community
520 ## - SUMMARY, ETC.
Summary, etc. Reports on the future of the energy infrastructure, explores the potential of smart grids, asks if offshore wind has reached critical mass, prepares for the home batttery revolution and investigates small modular nuclear power.
590 ## - LOCAL NOTE (RLIN)
Local note KA
650 24 - SUBJECT ADDED ENTRY--TOPICAL TERM
Topical term or geographic name entry element Infrastructure
9 (RLIN) 6246
650 24 - SUBJECT ADDED ENTRY--TOPICAL TERM
Topical term or geographic name entry element ENERGY
9 (RLIN) 6237
650 24 - SUBJECT ADDED ENTRY--TOPICAL TERM
Topical term or geographic name entry element IT
650 24 - SUBJECT ADDED ENTRY--TOPICAL TERM
Topical term or geographic name entry element OFFSHORE WIND POWER
650 24 - SUBJECT ADDED ENTRY--TOPICAL TERM
Topical term or geographic name entry element ELECTRICITY
650 24 - SUBJECT ADDED ENTRY--TOPICAL TERM
Topical term or geographic name entry element RENEWABLE ENERGY
650 24 - SUBJECT ADDED ENTRY--TOPICAL TERM
Topical term or geographic name entry element SOLAR POWER
650 24 - SUBJECT ADDED ENTRY--TOPICAL TERM
Topical term or geographic name entry element ENERGY USE
650 24 - SUBJECT ADDED ENTRY--TOPICAL TERM
Topical term or geographic name entry element NUCLEAR ENERGY
690 ## - LOCAL SUBJECT ADDED ENTRY--TOPICAL TERM (OCLC, RLIN)
Topical term or geographic name as entry element SMART GRID
690 ## - LOCAL SUBJECT ADDED ENTRY--TOPICAL TERM (OCLC, RLIN)
Topical term or geographic name as entry element ENERGY
9 (RLIN) 6237
690 ## - LOCAL SUBJECT ADDED ENTRY--TOPICAL TERM (OCLC, RLIN)
Topical term or geographic name as entry element INFRASTRUCTURE
9 (RLIN) 6246
700 1# - ADDED ENTRY--PERSONAL NAME
Personal name Lavanchy, Rene
700 1# - ADDED ENTRY--PERSONAL NAME
Personal name Branson, Adam
700 1# - ADDED ENTRY--PERSONAL NAME
Personal name Burgess, Matt
942 ## - ADDED ENTRY ELEMENTS (KOHA)
Suppress in OPAC 0
Source of classification or shelving scheme Dewey Decimal Classification
Holdings
Withdrawn status Lost status Source of classification or shelving scheme Damaged status Not for loan Home library Current library Shelving location Date acquired Total Checkouts Full call number Barcode Date last seen Copy number Price effective from Koha item type
    Dewey Decimal Classification     Virtual Virtual Journal article 12/03/2018   L159831 159831-2001 06/08/2019 1 06/08/2019 Journal article